| 000 | 01042nam0a22002651 4500 | ||
|---|---|---|---|
| 001 | rc\4231815 | ||
| 005 | 20260407214806.0 | ||
| 021 |
_aRU _b[60-21407] |
||
| 035 | _a(NLR Aleph) 008464551 | ||
| 090 |
_a7890614 _c7890614 |
||
| 100 | _a20130416d1960 |||y0rusy50 ca | ||
| 101 | 0 | _arus | |
| 102 | _aRU | ||
| 105 | _ay z ||||| | ||
| 200 | 1 |
_aПриказы и распоряжения Министерства просвещения Азербайджанской ССР. (Сентябрь - декабрь 1959 г.) _fМ-во просвещения АзССР |
|
| 210 |
_aБаку _cОбъедин. изд-во _d1960 |
||
| 215 |
_a56 с. _d21 |
||
| 606 |
_aШкола _yАзербайджанская ССР _2psbo |
||
| 606 |
_aНародное образование _yАзербайджанская ССР _2psbo |
||
| 710 | 0 | 1 |
_aАзССР _bМинистерство просвещения _3RU\NLR\AUTH\8810144587 _9783605 |
| 801 | 0 |
_aRU _bNLR _gpsbo |
|
| 801 | 1 |
_aRU _bELAR _2rusmarc |
|
| 852 |
_aNLR _j60-6/2187 |
||
| 942 | _cBOOK | ||
| 980 | _aNB | ||